| 000 | 01280nam a2200205 a 4500 | ||
|---|---|---|---|
| 001 | 000045183 | ||
| 005 | 20260219150429.0 | ||
| 008 | 150206s1999 dr a 000 0 spa d | ||
| 040 |
_aDO-SdBNP _bspa _cBNPHU |
||
| 082 |
_a338.1 _bD536s |
||
| 245 | 0 | 0 | _aDiagnóstico del sector agropecuario. |
| 260 |
_aSanto Domingo : _bSecretaría de Estado de Agricultura, _c1999. |
||
| 300 |
_a80 p. : _bil. ; _c26 cm. |
||
| 504 | _aBibliografía: p. 79-80 | ||
| 505 | 2 | _aAspectos socioeconómicos -- Propiedad y uso de la tierra -- El producto bruto interno global y el sector agropecuario -- Comportamiento de la siembra, cosecha y producción de los principales productos agropecuarios por grupos -- Servicios de apoyo a la producción -- Costos de producción de los principales productos agrícolas -- Comercialización agropecuaria -- Crédito agropecuario -- Reforma agraria -- Análisis de las variables relacionadas con los aspectos hidráulicos -- -- El sector agropecuario en el marco de los acuerdos internacionales -- Comercio exterior. | |
| 590 | _aInventariado, 2018/LP | ||
| 650 | 4 |
_aAgricultura _xAspectos económicos _zRepública Dominicana _91508 |
|
| 710 |
_aSecretaría de Estado de Agricultura (República Dominicana) _935364 |
||
| 910 | _aValidado. Control de calidad MFF | ||
| 999 |
_c44672 _d44672 |
||